00585nam a2200193Ia 4500003000400000008004100004040001600045082001300061100001800074245004600092260004800138300000800186650003100194650002100225650002300246942001200269999001700281952009300298GCL140319s9999 xx 000 0 eng d aGCL / cGCL04a428bC P1 aCUTTS, MARTIN10aTHE PLAIN ENGLISH GUIDE / cCUTTS, MARTIN a[S.N] : bOXFORD UNIVERSITY PRESS ، c1995 a16204aENGLISH LANGUAGE - GRAMMAR04aENGLISH LANGUAGE04aSTUDY AND LEARNING 2ddccBK c25508d25508 00104070aCAIbCAId2014-03-26l0o428\C Pp44922r2014-03-26 00:00:00w2014-03-26yBK